Biblioteca

Evolution and creation (Registro nro. 46261)

Detalles MARC
000 -LÍDER
Campo fijo de descripción fija 01574aam a2200517 i 4500
001 - NÚMERO DE CONTROL
Campo de control 19904
003 - IDENTIFICADOR DEL NÚMERO DE CONTROL
Campo de control CO-MdFUSB
005 - FECHA Y HORA DE LA ULTIMA TRANSACCIÓN
control field 20180803123530.0
008 - ELEMENTOS DE LONGITUD FIJA -- INFORMACIÓN GENERAL
Campo fijo de descripción fija -- Información general 180727t1987 dk ||||g |||| 00| 0 eng d
020 ## - NÚMERO INTERNACIONAL NORMALIZADO PARA LIBROS
Número Internacional Normalizado del libro 87-7288-114-3
040 ## - FUENTE DE CATALOGACIÓN
Agencia de catalogación original CO-MdFUSB
Idioma de catalogación spa
Agencia que realiza la transcripción CO-MdFUSB
Agencia que realiza la modificación CO-MdFUSB
Convenciones de la descripción rda
041 ## - CÓDIGO DE IDIOMA
Código de idioma para texto/pista de sonido o título separado eng
082 ## - NÚMERO DE CLASIFICACIÓN DECIMAL DEWEY
Número de la edición del Dewey 24
Número de clasificación G 261.55
Clave de autor-Numero de item EV93ev
100 1# - ASIENTO PRINCIPAL--NOMBRE PERSONAL
Nombre personal Anderson, Svend., (Editor)
245 10 - TÍTULO
Título del Material Evolution and creation
Parte restante del título - Subtitulo : A European perspective
Mención de responsabilidad, etc. / Editado por Svend Anderson, Arthur Peacocke
260 ## - PUBLICACIÓN, DISTRIBUCIÓN, ETC. (PIE DE IMPRENTA)
Lugar de publicación, distribución, etc.
264 #1 - PRODUCCIÓN, PUBLICACIÓN, DISTRIBUCIÓN, MANUFACTURA, Y COPYRIGHT
Lugar de producción, publicación, distribución, manufactura Aarhus, Denmark :
Nombre del productor, publicador, distribuidor Aarhus University Press,
Fecha de producción, publicación, distribución, manufactura, o copyright ℗[1987]
264 #4 - PRODUCCIÓN, PUBLICACIÓN, DISTRIBUCIÓN, MANUFACTURA, Y COPYRIGHT
Fecha de producción, publicación, distribución, manufactura, o copyright ©1987
300 ## - DESCRIPCIÓN FÍSICA
Extensión 215 páginas
Dimensiones ; 23 cm
336 ## - TIPO DE CONTENIDO
Fuente rdacontent
Término de tipo de contenido texto
Código de tipo de contenido txt
337 ## - TIPO DE MEDIO
Fuente rdamedia
Nombre del tipo de medio sin mediación
Código del tipo de medio n
338 ## - TIPO DE SOPORTE
Fuente rdacarrier
Nombre del tipo de soporte volumen
Código Tipo de soporte nc
501 ## - NOTA DE “CON”
Nota de Contenido Incluye índice (páginas 213-215)
505 0# - NOTA DE CONTENIDO
Nota de contenido con formato preestablecido Historia -- Biología -- Filosofía -- Teología -- Retrospectiva y perspectiva
563 ## - NOTA DE ENCUADERNACIÓN
Nota de encuadernación Pasta dura
650 #7 - ASIENTO SECUNDARIO DE MATERIA - TERMINO TEMÁTICO
9 (RLIN) 259
Término temático o nombre geográfico como elemento de entrada Religión y ciencia
720 ## - ASIENTO SECUNDARIO - NOMBRE NO CONTROLADO
Nombre Andersen, Svend
720 ## - ASIENTO SECUNDARIO - NOMBRE NO CONTROLADO
Nombre Bresch, Carsten
720 ## - ASIENTO SECUNDARIO - NOMBRE NO CONTROLADO
Nombre Daecke, Sigurd
720 ## - ASIENTO SECUNDARIO - NOMBRE NO CONTROLADO
Nombre Durant, John
720 ## - ASIENTO SECUNDARIO - NOMBRE NO CONTROLADO
Nombre Hefner, Philip
720 ## - ASIENTO SECUNDARIO - NOMBRE NO CONTROLADO
Nombre Jürgen Hübner
720 ## - ASIENTO SECUNDARIO - NOMBRE NO CONTROLADO
Nombre Küppers, Bernd-Olaf
720 ## - ASIENTO SECUNDARIO - NOMBRE NO CONTROLADO
Nombre Lipp, Wolfgang
720 ## - ASIENTO SECUNDARIO - NOMBRE NO CONTROLADO
Nombre Lønning, Per
720 ## - ASIENTO SECUNDARIO - NOMBRE NO CONTROLADO
Nombre Manenschijn, Gerrit
720 ## - ASIENTO SECUNDARIO - NOMBRE NO CONTROLADO
Nombre May, Hans
720 ## - ASIENTO SECUNDARIO - NOMBRE NO CONTROLADO
Nombre Mortensen, Viggo
720 ## - ASIENTO SECUNDARIO - NOMBRE NO CONTROLADO
Nombre Pailin, David A.
720 ## - ASIENTO SECUNDARIO - NOMBRE NO CONTROLADO
Nombre Peacocke, Arthur
720 ## - ASIENTO SECUNDARIO - NOMBRE NO CONTROLADO
Nombre Schmitz-Moormann, Karl
720 ## - ASIENTO SECUNDARIO - NOMBRE NO CONTROLADO
Nombre Sperlich, Diether
720 ## - ASIENTO SECUNDARIO - NOMBRE NO CONTROLADO
Nombre Vollmer, Gerhard
942 ## - TIPO DE MATERIAL (KOHA)
Tipo de Item KOHA Libros General
Existencias
Estado de Material Estado de Perdido Forma de Clasificación Volumen-Parte/Tomo Estado de Dañado No para Préstamo Colección Tomo Biblioteca de Origen Biblioteca Permanente Fecha de Adquisición Total de Préstamos Signatura Topográfica Código de Barras Última vez visto Ejemplar/Existencia Fecha de Remplazo Tipo de Material
    Dewey Decimal Classification Vol. 3     Colección General   Biblioteca FUSBC Biblioteca FUSBC 26/05/2015   G 261.55 EV93ev 19980 12/12/2019 Ej. 1 26/01/2016 Libros General

Biblioteca FUSBC | Teléfono: (57+4) 349 88 10 Ext. 141| WhatsApp (+57) 3005338115 
E-mail: biblioteca@unisbc.edu.co | Calle 76 87-14 Robledo Palenque, Medellín, Colombia

Con tecnología Koha